5HLuxD.jpg

KING HENRY VIII SENIOR AND PRIMARY SCHOOL LIBRARY OPAC

Shark Girl / (Record no. 522)

000 -LEADER
fixed length control field 01334nam a22002537a 4500
005 - DATE AND TIME OF LATEST TRANSACTION
control field 20190820084359.0
008 - FIXED-LENGTH DATA ELEMENTS--GENERAL INFORMATION
fixed length control field 190820b ||||| |||| 00| 0 eng d
020 ## - INTERNATIONAL STANDARD BOOK NUMBER
International Standard Book Number 9780763646271
040 ## - CATALOGING SOURCE
Transcribing agency KH8
082 ## - DEWEY DECIMAL CLASSIFICATION NUMBER
Classification number FIC BIN
100 ## - MAIN ENTRY--PERSONAL NAME
Personal name Bingham, Kelly
245 ## - TITLE STATEMENT
Title Shark Girl /
Statement of responsibility, etc. Kelly Bingham
260 ## - PUBLICATION, DISTRIBUTION, ETC.
Place of publication, distribution, etc. Somerville, MA :
Name of publisher, distributor, etc. Candlewick Press,
Date of publication, distribution, etc. 2010, ©2007.
300 ## - PHYSICAL DESCRIPTION
Extent 276 pages ;
Dimensions 21 cm.
520 ## - SUMMARY, ETC.
Summary, etc. After a shark attack causes the amputation of her right arm, fifteen-year-old Jane, an aspiring artist, struggles to come to terms with her loss and the changes it imposes on her day-to-day life and her plans for the future.
521 ## - TARGET AUDIENCE NOTE
Target audience note Age 12 and up.
586 ## - AWARDS NOTE
Awards note Winner of Iowa Teen Award 2011<br/>Commended for Tayshas Reading 2008<br/>Short-listed for Rebecca Caudill Young Readers Book Award 2010<br/>Short-listed for Golden Sower Award (Young Adult) 2010<br/>Short-listed for Black-Eyed Susan Award (Grades 6-9) 2009<br/>Short-listed for Volunteer State Book Awards (Young Adult) 2009<br/>Short-listed for Isinglass Teen Read Award 2008<br/>Short-listed for Florida Teens Read 2009
650 ## - SUBJECT ADDED ENTRY--TOPICAL TERM
Topical term or geographic name entry element Shark attacks
Form subdivision Juvenile fiction.
650 ## - SUBJECT ADDED ENTRY--TOPICAL TERM
Topical term or geographic name entry element Amputees
Form subdivision Juvenile fiction.
650 ## - SUBJECT ADDED ENTRY--TOPICAL TERM
Topical term or geographic name entry element Artists
Form subdivision Juvenile fiction.
650 ## - SUBJECT ADDED ENTRY--TOPICAL TERM
Topical term or geographic name entry element Self-acceptance
Form subdivision Fiction.
650 ## - SUBJECT ADDED ENTRY--TOPICAL TERM
Topical term or geographic name entry element People with disabilities
Form subdivision Fiction.
942 ## - ADDED ENTRY ELEMENTS (KOHA)
Source of classification or shelving scheme
Koha item type Books - Fiction
Holdings
Withdrawn status Lost status Source of classification or shelving scheme Damaged status Not for loan Collection code Permanent Location Current Location Shelving location Date acquired Full call number Barcode Date last seen Price effective from Koha item type
          Fiction KH8 Senior School Library KH8 Senior School Library Fiction 2019-08-20 FIC BIN 3KHSL000101184 2024-07-17 2019-08-20 Books - Fiction

Powered By KH8 IT Dept